Computational Intelligence in Business and Economics - Proceedings of the Ms'10 International Conference (Record no. 1543898)

MARC details
000 -LEADER
fixed length control field 00712nam a2200241Ia 4500
005 - DATE AND TIME OF LATEST TRANSACTION
control field 20260121112518.0
008 - FIXED-LENGTH DATA ELEMENTS--GENERAL INFORMATION
fixed length control field 6598 260114s9999 xx 000 0 eng d
020 ## - INTERNATIONAL STANDARD BOOK NUMBER
International Standard Book Number 9789814324441
037 ## - SOURCE OF ACQUISITION
Stock number EBOOK
040 ## - CATALOGING SOURCE
Original cataloging agency CRL
Language of cataloging eng
Transcribing agency CRL
041 ## - LANGUAGE CODE
Language code of text/sound track or separate title eng
Source of code eng
084 ## - COLON CLASSIFICATION NUMBER
Assigning agency CRL
100 ## - MAIN ENTRY--PERSONAL NAME
Personal name Gil-Lafuente Anna M Et Al
9 (RLIN) 958819
245 #0 - TITLE STATEMENT
Title Computational Intelligence in Business and Economics - Proceedings of the Ms'10 International Conference
260 ## - PUBLICATION, DISTRIBUTION, ETC.
Name of publisher, distributor, etc. World Scientific
260 ## - PUBLICATION, DISTRIBUTION, ETC.
Name of publisher, distributor, etc. WSPC
260 ## - PUBLICATION, DISTRIBUTION, ETC.
Date of publication, distribution, etc. 2010
650 ## - SUBJECT ADDED ENTRY--TOPICAL TERM
Topical term or geographic name entry element Computer Science
9 (RLIN) 958820
856 ## - ELECTRONIC LOCATION AND ACCESS
Uniform Resource Identifier <a href="https://www.worldscientific.com/worldscibooks/10.1142/7925#t=toc">https://www.worldscientific.com/worldscibooks/10.1142/7925#t=toc</a>
942 ## - ADDED ENTRY ELEMENTS (KOHA)
Koha item type eBooks
Holdings
Withdrawn status Lost status Damaged status Not for loan Home library Current library Date acquired Total Checkouts Barcode Date last seen Price effective from Koha item type
        Central Library Central Library 2026-01-21   CL1872435 2026-01-21 2026-01-21 eBooks
Copyright @ Delhi University Library System